[Event "Bogota Millonario op"]
[Site "Bogota"]
[Date "2015.12.18"]
[Round "2"]
[White "Guzman Mendez, Roosevelt"]
[Black "Zabaleta, Libardo"]
[Result "1-0"]
[WhiteElo "2105"]
[BlackElo "2083"]
[PlyCount "143"]
[EventDate "2015.12.18"]
[EventType "swiss"]
[EventRounds "9"]
[EventCountry "COL"]
[SourceTitle "EXT 2017"]
[Source "ChessBase"]
[SourceDate "2016.10.25"]
[SourceVersion "1"]
[SourceVersionDate "2016.10.25"]
[SourceQuality "1"]

1. e4 e5 2. Nf3 Nc6 3. Bb5 f5 4. d4 fxe4 5. Bxc6 dxc6 6. Nxe5 Nf6 7. 0-0 c5 8. dxc5 Qxd1 9. Rxd1 Bxc5 10. Nc3 0-0 11. Bg5 Bxf2+ 12. Kxf2 Ng4+ 13. Kg1 Nxe5 14. Nxe4 Bf5 15. Ng3 Bxc2 16. Rdc1 Ba4 17. Rxc7 Bc6 18. Re1 Rae8 19. Re7 Rxe7 20. Bxe7 Nd3 21. Re3 Rf2 22. Rxd3 Rxg2+ 23. Kf1 Rxb2 24. Ra3 Rxh2 25. Rxa7 h5 26. Nf5 Kf7 27. Bd6 Rh1+ 28. Kf2 Ke6 29. Ra5 g6 30. Re5+ Kf6 31. Nd4 Rd1 32. Re6+ Kf7 33. Re7+ Kf6 34. Re1 Rxe1 35. Kxe1 Bd5 36. a4 g5 37. Kf2 h4 38. a5 g4 39. Bc7 Kg5 40. Bd8+ Kh5 41. Nf5 g3+ 42. Ke3 h3 43. Nxg3+ Kg4 44. Nf1 Bg2 45. Nh2+ Kf5 46. Kd4 Ke6 47. Kc5 Kd7 48. Bh4 Ke6 49. Kb6 Kf5 50. Bg3 Be4 51. Nf1 Kg4 52. Bc7 Bh1 53. Ne3+ Kf3 54. Nc4 Kf2 55. Ne5 Be4 56. Nd7 Kg1 57. Nc5 Bg2 58. Nxb7 Bf1 59. Nc5 h2 60. Bxh2+ Kxh2 61. Ne4 Kh3 62. Nd6 Kg4 63. Nb5 Kf5 64. a6 Ke6 65. a7 Bg2 66. Kc7 Ba8 67. Nd6 Kd5 68. Nb7 Ke6 69. Kb8 Kd7 70. Kxa8 Kc7 71. Nc5 Kc8 72. Ne6 1-0

[Event "Bogota Millonario op"]
[Site "Bogota"]
[Date "2015.12.18"]
[Round "1"]
[White "Zabaleta, Libardo"]
[Black "Salcedo, Jackeline"]
[Result "1-0"]
[WhiteElo "2083"]
[BlackElo "1998"]
[PlyCount "105"]
[EventDate "2015.12.18"]
[EventType "swiss"]
[EventRounds "9"]
[EventCountry "COL"]
[SourceTitle "EXT 2017"]
[Source "ChessBase"]
[SourceDate "2016.10.25"]
[SourceVersion "1"]
[SourceVersionDate "2016.10.25"]
[SourceQuality "1"]

1. d4 d5 2. c4 c6 3. e3 e6 4. Nf3 Nf6 5. Nc3 Nbd7 6. Bd3 dxc4 7. Bxc4 b5 8. Bd3 a6 9. 0-0 c5 10. Qe2 Be7 11. Rd1 0-0 12. dxc5 Bxc5 13. a4 b4 14. Ne4 Qc7 15. b3 Be7 16. Bb2 Bb7 17. Rac1 Qa5 18. Nxf6+ Nxf6 19. Ne5 Rac8 20. e4 Rfd8 21. Qf3 Rc7 22. h4 Rdc8 23. Rxc7 Qxc7 24. g4 Bd6 25. Nc4 Bh2+ 26. Kg2 Qf4 27. Qxf4 Bxf4 28. f3 Bc7 29. Kf2 Ne8 30. Be2 Rd8 31. Ke3 Rxd1 32. Bxd1 Bd8 33. h5 Kf8 34. Be5 Ke7 35. Be2 Kd7 36. Bb8 Kc6 37. f4 f6 38. e5 Kd7 39. Ba7 Bc7 40. Kd4 a5 41. Bb6 Bd5 42. Bxc7 Bxc4 43. Bxc4 Nxc7 44. Kc5 Nd5 45. Bxd5 exd5 46. Kxd5 fxe5 47. fxe5 Ke7 48. g5 h6 49. g6 Kd7 50. Kc5 Ke6 51. Kb5 Kxe5 52. Kxa5 Kd6 53. Kxb4 1-0

[Event "Bogota McGregor op 4th"]
[Site "Bogota"]
[Date "2013.12.05"]
[Round "3"]
[White "Zabaleta, Libardo"]
[Black "Salcedo Perez, Pablo Esteban"]
[Result "1/2-1/2"]
[WhiteElo "2113"]
[BlackElo "1913"]
[PlyCount "90"]
[EventDate "2013.12.04"]
[EventType "swiss"]
[EventRounds "9"]
[EventCountry "COL"]
[SourceTitle "CBM 157 Extra"]
[Source "ChessBase"]
[SourceDate "2013.12.19"]
[SourceVersion "1"]
[SourceVersionDate "2013.12.19"]
[SourceQuality "1"]

1. d4 d5 2. Nf3 Nf6 3. c4 e6 4. Nc3 Be7 5. Bg5 0-0 6. e3 b6 7. Be2 Bb7 8. 0-0 Nbd7 9. Rc1 Rc8 10. Qa4 a6 11. cxd5 exd5 12. Rfd1 h6 13. Bxf6 Nxf6 14. b4 Qd6 15. Rb1 a5 16. bxa5 Bc6 17. Bb5 Ra8 18. a6 Rxa6 19. Qc2 Raa8 20. Ne5 Bb7 21. Bd3 c5 22. Be2 cxd4 23. exd4 Rfc8 24. Qb3 Ra3 25. Qxb6 Rcxc3 26. Qxb7 Rxa2 27. Rb2 Rxb2 28. Qxb2 Qc7 29. Bd3 Ba3 30. Qb5 Rc1 31. Rxc1 Qxc1+ 32. Bf1 Bd6 33. Nd3 Bxh2+ 34. Kxh2 Qxf1 35. f3 Qd1 36. Qa6 Qd2 37. Qa3 Kh7 38. Qb3 Qg5 39. Qb2 Nh5 40. Qf2 Qf5 41. Qe3 Qg6 42. g4 Nf6 43. Kh3 h5 44. g5 Nd7 45. Nf4 Qf5+ 1/2-1/2

[Event "Bogota McGregor op 4th"]
[Site "Bogota"]
[Date "2013.12.04"]
[Round "1"]
[White "Zabaleta, Libardo"]
[Black "Penuela, Jorge"]
[Result "1-0"]
[WhiteElo "2113"]
[BlackElo "1703"]
[PlyCount "157"]
[EventDate "2013.12.04"]
[EventType "swiss"]
[EventRounds "9"]
[EventCountry "COL"]
[SourceTitle "CBM 157 Extra"]
[Source "ChessBase"]
[SourceDate "2013.12.19"]
[SourceVersion "1"]
[SourceVersionDate "2013.12.19"]
[SourceQuality "1"]

1. d4 e6 2. c4 d5 3. Nc3 Nf6 4. Bg5 Nbd7 5. cxd5 exd5 6. e3 c6 7. Bd3 Qb6 8. Qc2 Bd6 9. Nf3 0-0 10. 0-0 Re8 11. Rac1 a6 12. Rfe1 Bb4 13. a3 Bxc3 14. Qxc3 h6 15. Bh4 Ne4 16. Qc2 g5 17. Bg3 Nxg3 18. hxg3 Nf6 19. Ne5 Qc7 20. b4 Be6 21. a4 Nd7 22. Nxd7 Qxd7 23. f4 f5 24. Kf2 Kg7 25. Rh1 g4 26. Rh5 Rf8 27. Rch1 Rf6 28. R1h4 Rh8 29. Rh1 Qf7 30. R5h2 Qd7 31. Rb1 Bf7 32. Rhh1 Re6 33. Qc5 Rhe8 34. Rhc1 Bg6 35. Re1 R8e7 36. Qc2 Kf6 37. Re2 Qe8 38. Qd2 Qd7 39. Qc2 Qd6 40. b5 axb5 41. axb5 h5 42. b6 Qd8 43. Qc1 Rh7 44. Ra1 h4 45. gxh4 Rxh4 46. Qb2 Rh8 47. Ra7 Qd6 48. Qc1 Rhe8 49. Qc3 R8e7 50. Ra8 Re8 51. Rea2 Rxa8 52. Rxa8 Re7 53. Ra7 Rg7 54. Qc1 Re7 55. Ba6 bxa6 56. Qc5 Qxc5 57. dxc5 Re8 58. Rc7 Rb8 59. Rxc6+ Kf7 60. Ke2 Kg7 61. Rc7+ Kf8 62. Kd3 a5 63. Ra7 a4 64. Rxa4 Be8 65. Ra7 Bb5+ 66. Kd4 Bc4 67. c6 Rxb6 68. Ra8+ Ke7 69. c7 Rc6 70. c8Q Rxc8 71. Rxc8 Kd6 72. Re8 Ba2 73. Re5 Bb1 74. Rxd5+ Ke6 75. Rb5 Be4 76. Rb6+ Ke7 77. Ke5 Kf7 78. g3 Ke7 79. Ra6 1-0

[Event "Cali op-A"]
[Site "Cali"]
[Date "2002.12.20"]
[Round "3"]
[White "Zabaleta, Libardo"]
[Black "Alzate Londono, William"]
[Result "1-0"]
[WhiteElo "2155"]
[BlackElo "2319"]
[PlyCount "64"]
[EventDate "2002.11.19"]
[EventType "swiss"]
[EventRounds "8"]
[EventCountry "COL"]
[SourceTitle "EXT 2004"]
[Source "ChessBase"]
[SourceDate "2003.11.25"]
[SourceVersion "1"]
[SourceVersionDate "2003.11.25"]
[SourceQuality "1"]

1. d4 Nf6 2. Nf3 b6 3. g3 Bb7 4. Bg2 g6 5. c4 Bg7 6. Nc3 0-0 7. Qc2 c5 8. d5 d6 9. 0-0 Nbd7 10. h3 Rb8 11. e4 Ba6 12. Nb5 Ra8 13. a4 Bc8 14. Re1 Ne8 15. Bf4 a6 16. Nc3 Ne5 17. Nxe5 dxe5 18. Be3 Nd6 19. Qb3 a5 20. Nb5 f5 21. Nxd6 exd6 22. exf5 Bxf5 23. Kh2 Ra7 24. Qd1 Raf7 25. Bd2 Bd7 26. Ra3 Rf5 27. h4 Rh5 28. Kg1 Rhf5 29. Bh3 R5f7 30. Be6 Kh8 31. Bxf7 Rxf7 32. Ra1 Bg4 1-0

[Event "Cali op-A"]
[Site "Cali"]
[Date "2002.11.19"]
[Round "1"]
[White "Zabaleta, Libardo"]
[Black "Carvajal, Nolberto"]
[Result "1-0"]
[WhiteElo "2155"]
[BlackElo "2302"]
[PlyCount "88"]
[EventDate "2002.11.19"]
[EventType "swiss"]
[EventRounds "8"]
[EventCountry "COL"]
[SourceTitle "EXT 2004"]
[Source "ChessBase"]
[SourceDate "2003.11.25"]
[SourceVersion "1"]
[SourceVersionDate "2003.11.25"]
[SourceQuality "1"]

1. d4 d5 2. Nf3 Nf6 3. c4 c6 4. e3 e6 5. Nc3 Nbd7 6. Qc2 Bd6 7. b3 Qe7 8. c5 Bc7 9. b4 e5 10. Bb2 a5 11. a3 axb4 12. axb4 Rxa1+ 13. Bxa1 0-0 14. Be2 e4 15. Nd2 Re8 16. Qa4 Nf8 17. b5 Bd7 18. b6 Bb8 19. h3 h5 20. Nb3 Bf5 21. Bb2 Ng6 22. g3 Qd7 23. Na5 Qc8 24. Qd1 h4 25. g4 Be6 26. Rg1 Nh7 27. Rh1 Ng5 28. Kf1 Rf8 29. Kg2 f5 30. gxf5 Bxf5 31. Bg4 Nf3 32. Bh5 Ne7 33. Bxf3 Bxh3+ 34. Rxh3 exf3+ 35. Rxf3 Qg4+ 36. Rg3 Qf5 37. Rf3 h3+ 38. Rxh3 Qxf2+ 39. Kh1 Qxb2 40. Ne2 Rf2 41. Nf4 Bxf4 42. exf4 Nf5 43. Rh8+ Kxh8 44. Qh5+ Nh6 1-0

[Event "Abel Cardona op"]
[Site "Cali"]
[Date "2000.12.18"]
[Round "4"]
[White "Gutierrez Herrera, Jose Antonio"]
[Black "Zabaleta, Libardo"]
[Result "0-1"]
[WhiteElo "2304"]
[BlackElo "2139"]
[PlyCount "116"]
[EventDate "2000.12.16"]
[EventType "swiss"]
[EventRounds "9"]
[EventCountry "COL"]
[SourceTitle "CBM 079 Extra"]
[Source "ChessBase"]
[SourceDate "2001.01.11"]
[SourceVersion "2"]
[SourceVersionDate "2001.01.25"]
[SourceQuality "1"]

1. e4 c5 2. Nf3 d6 3. d4 cxd4 4. Nxd4 Nf6 5. Nc3 Nc6 6. Bc4 e6 7. Bb3 Be7 8. Be3 0-0 9. 0-0 a6 10. f4 Nxd4 11. Bxd4 b5 12. a3 Bb7 13. Qf3 d5 14. exd5 Nxd5 15. Nxd5 Bxd5 16. Bxd5 Qxd5 17. Qxd5 exd5 18. Rad1 Rac8 19. Rf2 Bc5 20. c3 Rfd8 21. Re2 Kf8 22. g3 Bxd4+ 23. Rxd4 Rc4 24. Rd3 a5 25. Re5 b4 26. Rexd5 Rxd5 27. Rxd5 bxc3 28. bxc3 Rxc3 29. Rxa5 Rc2 30. Re5 Ra2 31. Re3 f5 32. h3 Kf7 33. Kf1 h6 34. h4 g5 35. h5 gxf4 36. gxf4 Rh2 37. Re5 Kf6 38. Ra5 Rh4 39. Ra4 Rxh5 40. Kg2 Rh4 41. Kg3 Rg4+ 42. Kf3 Rg1 43. Ra8 Rb1 44. a4 Rb3+ 45. Ke2 Rh3 46. Ra6+ Kg7 47. Kf2 h5 48. a5 h4 49. Kg2 Rg3+ 50. Kh2 Rf3 51. Ra7+ Kg6 52. Ra6+ Kh5 53. Ra8 Kg4 54. a6 Rf2+ 55. Kg1 Ra2 56. a7 Kxf4 57. Rh8 Rxa7 58. Rxh4+ Kg3 0-1